Normal view
MARC view
Entry AUTORIDADES PERSONAS
001 - NÚMERO DE CONTROL
- campo de control: 471
003 - CONTROL
- campo de control: AR-BaSMT
005 - FECHA Y HORA DE LA ÚLTIMA TRANSACCIÓN
- campo de control: 20260429140901.0
008 - ELEMENTOS LONGITUD FÍSICA
- campo de control de longitud fija: 260429|| aca||aabn | a|a d
024 7# - OTROS INDICADORES NORMALIZADOS
- Fuente: VIAF
- Número estándar o código: http://viaf.org/viaf/166150323833609972939
040 ## - FUENTE DE CATALOGACIÓN
- Agencia que cataloga: AR-BaSMT
- Idioma de catalogación: spa
- Norma: RDA
100 1# - ENCABEZAMIENTO-NOMBRE DE PERSONA
- Nombre de persona: Michelle, Laura
- Numeración: 1968-
- Títulos y otros términos asociados al nombre: Autora personal
400 0# - TRAZADO DE VÉASE--NOMBRE DE PERSONA
- Nombre de persona: Laura Michelle
- Fecha asociada al nombre : 1968-
670 ## - FUENTE DE DATOS ENCONTRADOS
- Cita de la fuente: Los enamorados del Nahuel Hiapi y otras leyendas de amor, 2016
- Donde se localiza la información: Port
